| 000 | 01184nam a2200277Ia 4500 | ||
|---|---|---|---|
| 003 | OSt | ||
| 005 | 20220930204355.0 | ||
| 006 | a|||||r|||| 00| 0 | ||
| 007 | ta | ||
| 008 | 220926b |||||||| |||| 00| 0 hin d | ||
| 024 | _a10366 | ||
| 037 | _cDissertations | ||
| 040 |
_aCRL _cCRL _bhin |
||
| 041 |
_2hin _ahin |
||
| 100 | _aवर्मा, सुनील कुमार | ||
| 110 | _aदिल्ली विश्वविद्यालय. कला संकाय. हिन्दी विभाग | ||
| 245 | 0 | _a‘ भूले बिसरे चित्र ’ में सामाजिक विघटन | |
| 246 | _aṢh bhūle bisare chitra ṣh mean sāmājik vighaṭana | ||
| 260 | _c2012 | ||
| 300 |
_a125पृ0 _ccm. |
||
| 650 | _aहिन्दी साहित्य | ||
| 700 | _a पटेल, रामनारायण, गा. | ||
| 700 | _aदिल्ली विश्वविद्यालय. कला संकाय. हिन्दी विभाग | ||
| 942 |
_cDIS _2CC |
||
| 999 |
_c905947 _d905947 |
||